Library Banner

Urban landscape (Record no. 88433)

MARC details
000 -LEADER
fixed length control field 00382nam a22001697a 4500
005 - DATE AND TIME OF LATEST TRANSACTION
control field 20161028105834.0
008 - FIXED-LENGTH DATA ELEMENTS--GENERAL INFORMATION
fixed length control field 161028b xxu||||| |||| 00| 0 eng d
020 ## - INTERNATIONAL STANDARD BOOK NUMBER
International Standard Book Number 9788499367781
040 ## - CATALOGING SOURCE
Transcribing agency PK-LaUMT
082 ## - DEWEY DECIMAL CLASSIFICATION NUMBER
Classification number 712
Item number URB-
110 ## - MAIN ENTRY--CORPORATE NAME
Corporate name or jurisdiction name as entry element LOFT publications
245 ## - TITLE STATEMENT
Title Urban landscape
260 ## - PUBLICATION, DISTRIBUTION, ETC. (IMPRINT)
Place of publication, distribution, etc Barcelona
Name of publisher, distributor, etc FKG
Date of publication, distribution, etc 2012
300 ## - PHYSICAL DESCRIPTION
Extent 599 P.
546 ## - LANGUAGE NOTE
Language note EN
942 ## - ADDED ENTRY ELEMENTS (KOHA)
Koha item type Books
Holdings
Withdrawn status Lost status Damaged status Home library Current library Date acquired Full call number Barcode Date last seen Price effective from Koha item type
      UMT Main Campus UMT Main Campus 2016-10-28 712 URB- 102429 2019-07-05 2016-10-28 Books